[Event "Masters Tournament (MTO)"]
[Site "Biel, CH"]
[Date "2025.07.21"]
[Round "7"]
[White "Wuebker, Paul-Luca"]
[Black "Poh, Yu Tian"]
[Result "0-1"]
[Board "8"]
[WhiteFideId "12939528"]
[BlackFideId "5734088"]
[WhiteTitle "CM"]
[BlackTitle "IM"]
[WhiteElo "2250"]
[BlackElo "2458"]
[WhiteTeam "GER"]
[BlackTeam "MAS"]
[WhiteClock "0:01:03"]
[BlackClock "0:01:48"]
[Variant "Standard"]

1. Nf3 {[%clk 1:40:56]}  c5 {[%clk 1:40:50]} 2. b3 {[%clk 1:41:21]}  Nf6 {[%clk 1:40:54]} 3. Bb2 {[%clk 1:41:43]}  e6 {[%clk 1:40:50]} 4. e3 {[%clk 1:41:03]}  b6 {[%clk 1:40:51]} 5. c4 {[%clk 1:39:23]}  Bb7 {[%clk 1:40:14]} 6. Be2 {[%clk 1:37:55]}  d5 {[%clk 1:40:00]} 7. cxd5 {[%clk 1:38:07]}  exd5 {[%clk 1:39:08]} 8. O-O {[%clk 1:38:02]}  Bd6 {[%clk 1:28:02]} 9. Nc3 {[%clk 1:30:25]}  O-O {[%clk 1:31:28]} 10. Nb5 {[%clk 1:25:50]}  Be7 {[%clk 1:28:44]} 11. d4 {[%clk 1:24:19]}  Ne4 {[%clk 1:22:59]} 12. Rc1 {[%clk 1:22:19]}  Nd7 {[%clk 1:15:40]} 13. Rc2 {[%clk 1:09:56]}  Bf6 {[%clk 0:59:50]} 14. Qa1 {[%clk 1:02:32]}  Qe7 {[%clk 0:55:22]} 15. Rd1 {[%clk 0:55:09]}  Rfc8 {[%clk 0:40:03]} 16. dxc5 {[%clk 0:40:29]}  bxc5 {[%clk 0:42:38]} 17. Bxf6 {[%clk 0:36:31]}  Nexf6 {[%clk 0:37:38]} 18. Nc3 {[%clk 0:34:03]}  Nf8 {[%clk 0:32:30]} 19. Rcd2 {[%clk 0:31:09]}  Ne6 {[%clk 0:28:28]} 20. Qb2 {[%clk 0:21:05]}  h6 {[%clk 0:19:14]} 21. Qa3 {[%clk 0:22:57]}  a6 {[%clk 0:15:27]} 22. h3 {[%clk 0:21:58]}  Rd8 {[%clk 0:14:20]} 23. Nd4 {[%clk 0:12:26]}  Ng5 {[%clk 0:11:18]} 24. Rc2 {[%clk 0:11:41]}  Rd7 {[%clk 0:09:26]} 25. Nf3 {[%clk 0:11:05]}  d4 {[%clk 0:05:10]} 26. exd4 {[%clk 0:09:37]}  Bxf3 {[%clk 0:05:21]} 27. Bxf3 {[%clk 0:10:04]}  Nxf3+ {[%clk 0:05:44]} 28. gxf3 {[%clk 0:10:27]}  Qe6 {[%clk 0:05:11]} 29. Qxc5 {[%clk 0:09:30]}  Qxh3 {[%clk 0:04:49]} 30. Re2 {[%clk 0:05:34]}  Rad8 {[%clk 0:04:21]} 31. d5 {[%clk 0:02:40]}  Rd6 {[%clk 0:02:39]} 32. Qc4 {[%clk 0:00:48]}  Nxd5 {[%clk 0:01:07]} 33. Re4 {[%clk 0:00:33]}  Nf4 {[%clk 0:01:14]} 34. Qxf7+ {[%clk 0:00:37]}  Kxf7 {[%clk 0:01:28]} 35. Rxf4+ {[%clk 0:01:03]}  Kg8 {[%clk 0:01:48]} 0-1

[Event "Masters Tournament (MTO)"]
[Site "Biel, CH"]
[Date "2025.07.21"]
[Round "7"]
[White "Mostertman, Milan"]
[Black "Lacan Rus, David"]
[Result "1-0"]
[Board "9"]
[WhiteFideId "1025848"]
[BlackFideId "651023075"]
[WhiteTitle "FM"]
[BlackTitle "FM"]
[WhiteElo "2212"]
[BlackElo "2369"]
[WhiteTeam "NED"]
[BlackTeam "FRA"]
[WhiteClock "0:19:53"]
[BlackClock "0:26:15"]
[Variant "Standard"]

1. e4 {[%clk 1:39:19]}  c5 {[%clk 1:40:52]} 2. Nf3 {[%clk 1:39:23]}  Nc6 {[%clk 1:41:05]} 3. d4 {[%clk 1:39:28]}  cxd4 {[%clk 1:41:26]} 4. Nxd4 {[%clk 1:39:52]}  Nf6 {[%clk 1:41:47]} 5. Nc3 {[%clk 1:40:01]}  e5 {[%clk 1:42:07]} 6. Ndb5 {[%clk 1:40:19]}  d6 {[%clk 1:42:25]} 7. Bg5 {[%clk 1:40:31]}  a6 {[%clk 1:42:45]} 8. Na3 {[%clk 1:40:55]}  b5 {[%clk 1:43:09]} 9. Nd5 {[%clk 1:41:16]}  Be7 {[%clk 1:43:32]} 10. Bxf6 {[%clk 1:41:37]}  Bxf6 {[%clk 1:43:57]} 11. c4 {[%clk 1:42:00]}  b4 {[%clk 1:44:19]} 12. Nc2 {[%clk 1:42:24]}  O-O {[%clk 1:44:36]} 13. g3 {[%clk 1:42:41]}  a5 {[%clk 1:42:34]} 14. Bg2 {[%clk 1:42:58]}  g6 {[%clk 1:41:35]} 15. O-O {[%clk 1:39:48]}  Bg7 {[%clk 1:41:05]} 16. Qd3 {[%clk 1:37:50]}  Be6 {[%clk 1:40:29]} 17. Rad1 {[%clk 1:37:15]}  Ra7 {[%clk 1:34:51]} 18. b3 {[%clk 1:24:02]}  Rd7 {[%clk 1:38:48]} 19. Nde3 {[%clk 1:16:41]}  Qb6 {[%clk 1:33:43]} 20. f4 {[%clk 1:08:36]}  f5 {[%clk 1:24:21]} 21. exf5 {[%clk 1:07:42]}  gxf5 {[%clk 1:23:37]} 22. Bd5 {[%clk 1:07:29]}  Bxd5 {[%clk 1:14:29]} 23. Qxd5+ {[%clk 1:07:34]}  Rff7 {[%clk 1:02:46]} 24. Qe6 {[%clk 0:51:19]}  exf4 {[%clk 1:05:06]} 25. gxf4 {[%clk 0:43:05]}  Nd4 {[%clk 0:31:21]} 26. Qe8+ {[%clk 0:24:30]}  Rf8 {[%clk 0:31:50]} 27. Qxd7 {[%clk 0:24:49]}  Nxc2 {[%clk 0:32:15]} 28. Rf3 {[%clk 0:23:14]}  Bd4 {[%clk 0:30:11]} 29. Rg3+ {[%clk 0:21:01]}  Kh8 {[%clk 0:30:32]} 30. Rh3 {[%clk 0:21:16]}  Rg8+ {[%clk 0:25:04]} 31. Kh1 {[%clk 0:21:02]}  Rg7 {[%clk 0:25:28]} 32. Qe8+ {[%clk 0:19:14]}  Rg8 {[%clk 0:25:52]} 33. Rxh7+ {[%clk 0:19:27]}  Kxh7 {[%clk 0:26:15]} 34. Qh5+ {[%clk 0:19:53]} 1-0

[Event "Masters Tournament (MTO)"]
[Site "Biel, CH"]
[Date "2025.07.21"]
[Round "7"]
[White "Sowray, Peter J"]
[Black "Latorre, Vincent"]
[Result "0-1"]
[Board "10"]
[WhiteFideId "400971"]
[BlackFideId "2636891"]
[WhiteTitle "FM"]
[BlackTitle "FM"]
[WhiteElo "2211"]
[BlackElo "2326"]
[WhiteTeam "ENG"]
[BlackTeam "CAN"]
[WhiteClock "0:17:31"]
[BlackClock "0:10:07"]
[Variant "Standard"]

1. d4 {[%clk 1:40:56]}  Nf6 {[%clk 1:40:11]} 2. Nf3 {[%clk 1:40:47]}  g6 {[%clk 1:37:12]} 3. c3 {[%clk 1:41:03]}  Bg7 {[%clk 1:36:59]} 4. Bf4 {[%clk 1:41:23]}  O-O {[%clk 1:34:06]} 5. h3 {[%clk 1:41:22]}  d6 {[%clk 1:29:19]} 6. Nbd2 {[%clk 1:40:06]}  Nbd7 {[%clk 1:28:29]} 7. e4 {[%clk 1:34:33]}  e5 {[%clk 1:25:51]} 8. dxe5 {[%clk 1:34:35]}  dxe5 {[%clk 1:25:08]} 9. Be3 {[%clk 1:34:50]}  b6 {[%clk 1:24:01]} 10. Bc4 {[%clk 1:30:45]}  Bb7 {[%clk 1:23:43]} 11. Qc2 {[%clk 1:26:36]}  Qe7 {[%clk 1:22:13]} 12. O-O {[%clk 1:19:22]}  Nc5 {[%clk 1:17:42]} 13. Ng5 {[%clk 1:18:32]}  h6 {[%clk 1:15:07]} 14. b4 {[%clk 1:17:31]}  hxg5 {[%clk 1:14:51]} 15. bxc5 {[%clk 1:17:54]}  g4 {[%clk 1:11:06]} 16. h4 {[%clk 1:09:33]}  Nd7 {[%clk 0:59:55]} 17. cxb6 {[%clk 1:06:06]}  Qxh4 {[%clk 0:58:44]} 18. bxc7 {[%clk 0:59:27]}  Bh6 {[%clk 0:50:28]} 19. Rfe1 {[%clk 0:47:50]}  Kg7 {[%clk 0:45:31]} 20. Bxh6+ {[%clk 0:45:32]}  Qxh6 {[%clk 0:45:43]} 21. Nf1 {[%clk 0:45:57]}  Rac8 {[%clk 0:44:42]} 22. Bd5 {[%clk 0:35:56]}  Rh8 {[%clk 0:40:50]} 23. Ng3 {[%clk 0:40:31]}  Ba6 {[%clk 0:38:06]} 24. c4 {[%clk 0:40:20]}  Rxc7 {[%clk 0:37:09]} 25. Qa4 {[%clk 0:37:36]}  Nc5 {[%clk 0:27:33]} 26. Qa5 {[%clk 0:36:55]}  Rcc8 {[%clk 0:25:53]} 27. Red1 {[%clk 0:34:07]}  Qh2+ {[%clk 0:13:56]} 28. Kf1 {[%clk 0:34:19]}  Rhd8 {[%clk 0:13:55]} 29. Rac1 {[%clk 0:28:47]}  Qh4 {[%clk 0:08:01]} 30. Qc3 {[%clk 0:25:11]}  Qf6 {[%clk 0:10:53]} 31. Kg1 {[%clk 0:24:24]}  Nd7 {[%clk 0:05:04]} 32. Qe3 {[%clk 0:20:45]}  Nc5 {[%clk 0:04:34]} 33. Nf1 {[%clk 0:18:28]}  Rh8 {[%clk 0:04:02]} 34. Nh2 {[%clk 0:15:23]}  Qh4 {[%clk 0:03:01]} 35. Qg3 {[%clk 0:15:51]}  Qxg3 {[%clk 0:03:14]} 36. fxg3 {[%clk 0:16:20]}  f5 {[%clk 0:03:10]} 37. Nf1 {[%clk 0:15:36]}  Kf6 {[%clk 0:02:23]} 38. Nd2 {[%clk 0:14:05]}  Nd3 {[%clk 0:00:36]} 39. Rb1 {[%clk 0:13:34]}  Rc7 {[%clk 0:00:42]} 40. Kf1 {[%clk 0:11:45]}  Nc5 {[%clk 0:00:34]} 41. Kf2 {[%clk 0:05:31]}  Rhc8 {[%clk 0:19:20]} 42. exf5 {[%clk 0:36:32]}  gxf5 {[%clk 0:19:33]} 43. Rh1 {[%clk 0:36:46]}  Kg5 {[%clk 0:13:23]} 44. Rh4 {[%clk 0:36:19]}  Nd7 {[%clk 0:13:36]} 45. Rbh1 {[%clk 0:35:07]}  Nf6 {[%clk 0:13:45]} 46. Rh6 {[%clk 0:34:21]}  Bb7 {[%clk 0:13:01]} 47. Bxb7 {[%clk 0:26:04]}  Rxb7 {[%clk 0:13:24]} 48. Rh8 {[%clk 0:26:23]}  Rc6 {[%clk 0:11:40]} 49. Ke3 {[%clk 0:24:10]}  Rb2 {[%clk 0:10:36]} 50. a4 {[%clk 0:18:16]}  f4+ {[%clk 0:10:16]} 51. gxf4+ {[%clk 0:17:06]}  exf4+ {[%clk 0:10:40]} 52. Ke2 {[%clk 0:17:31]}  Re6+ {[%clk 0:10:07]} 0-1

[Event "Masters Tournament (MTO)"]
[Site "Biel, CH"]
[Date "2025.07.21"]
[Round "7"]
[White "Georgescu, Lena"]
[Black "Chen, Yuan"]
[Result "1/2-1/2"]
[Board "11"]
[WhiteFideId "1331973"]
[BlackFideId "8618860"]
[WhiteTitle "WGM"]
[WhiteElo "2185"]
[BlackElo "2286"]
[WhiteTeam "SUI"]
[BlackTeam "CHN"]
[WhiteClock "0:18:18"]
[BlackClock "0:31:22"]
[Variant "Standard"]

1. e4 {[%clk 1:40:57]}  c5 {[%clk 1:40:23]} 2. Nf3 {[%clk 1:41:20]}  e6 {[%clk 1:40:28]} 3. d4 {[%clk 1:41:39]}  cxd4 {[%clk 1:40:49]} 4. Nxd4 {[%clk 1:42:05]}  a6 {[%clk 1:40:24]} 5. Nc3 {[%clk 1:42:25]}  b5 {[%clk 1:38:53]} 6. Bd3 {[%clk 1:42:15]}  Bb7 {[%clk 1:38:03]} 7. O-O {[%clk 1:42:20]}  Nc6 {[%clk 1:39:00]} 8. Nxc6 {[%clk 1:41:41]}  Bxc6 {[%clk 1:39:24]} 9. Re1 {[%clk 1:41:42]}  Ne7 {[%clk 1:39:15]} 10. Bf1 {[%clk 1:40:50]}  Ng6 {[%clk 1:39:29]} 11. Be3 {[%clk 1:29:33]}  f6 {[%clk 1:26:09]} 12. a4 {[%clk 1:16:15]}  Bb4 {[%clk 1:12:23]} 13. axb5 {[%clk 1:19:17]}  Bxc3 {[%clk 1:10:34]} 14. bxc3 {[%clk 1:16:36]}  axb5 {[%clk 1:14:58]} 15. Qd6 {[%clk 1:08:42]}  Kf7 {[%clk 1:12:39]} 16. Rxa8 {[%clk 1:05:20]}  Qxa8 {[%clk 1:05:14]} 17. c4 {[%clk 0:58:18]}  bxc4 {[%clk 1:12:03]} 18. Bxc4 {[%clk 0:54:22]}  Qa4 {[%clk 1:09:57]} 19. Bd3 {[%clk 0:45:35]}  Ne5 {[%clk 1:01:44]} 20. f3 {[%clk 0:47:27]}  Nc4 {[%clk 0:54:14]} 21. Bxc4 {[%clk 0:47:20]}  Qxc4 {[%clk 0:54:38]} 22. Qd3 {[%clk 0:46:07]}  Qa2 {[%clk 0:50:43]} 23. Qb3 {[%clk 0:41:41]}  Ra8 {[%clk 0:44:58]} 24. Qxa2 {[%clk 0:34:31]}  Rxa2 {[%clk 0:44:02]} 25. Re2 {[%clk 0:33:43]}  Ba4 {[%clk 0:48:27]} 26. Rd2 {[%clk 0:34:04]}  Rxc2 {[%clk 0:48:43]} 27. Rxc2 {[%clk 0:34:31]}  Bxc2 {[%clk 0:49:08]} 28. Kf2 {[%clk 0:34:21]}  e5 {[%clk 0:49:05]} 29. g3 {[%clk 0:30:17]}  g6 {[%clk 0:45:45]} 30. h4 {[%clk 0:10:40]}  f5 {[%clk 0:33:18]} 31. exf5 {[%clk 0:10:22]}  gxf5 {[%clk 0:33:33]} 32. f4 {[%clk 0:22:43]}  e4 {[%clk 0:26:05]} 33. Bd4 {[%clk 0:18:31]}  Ke6 {[%clk 0:29:59]} 34. Ke3 {[%clk 0:18:54]}  Kd5 {[%clk 0:30:20]} 35. Bg7 {[%clk 0:18:02]}  Bd1 {[%clk 0:30:32]} 36. Bf6 {[%clk 0:17:33]}  Kc4 {[%clk 0:30:09]} 37. Bg7 {[%clk 0:17:37]}  d5 {[%clk 0:31:03]} 38. Bf6 {[%clk 0:16:59]}  h5 {[%clk 0:30:40]} 39. Bg7 {[%clk 0:17:18]}  Bg4 {[%clk 0:30:49]} 40. Bf6 {[%clk 0:17:29]}  Kb3 {[%clk 0:31:02]} 41. Kd2 {[%clk 0:17:25]}  Kc4 {[%clk 0:31:13]} 42. Ke3 {[%clk 0:17:51]}  Kb3 {[%clk 0:30:58]} 43. Kd2 {[%clk 0:18:18]}  Kc4 {[%clk 0:31:22]} 1/2-1/2

[Event "Masters Tournament (MTO)"]
[Site "Biel, CH"]
[Date "2025.07.21"]
[Round "7"]
[White "Zhang, Haoxuan"]
[Black "Vincenti, Leonardo"]
[Result "0-1"]
[Board "12"]
[WhiteFideId "8641552"]
[BlackFideId "28550820"]
[BlackTitle "CM"]
[WhiteElo "1979"]
[BlackElo "2265"]
[WhiteTeam "CHN"]
[BlackTeam "ITA"]
[WhiteClock "0:08:54"]
[BlackClock "0:06:48"]
[Variant "Standard"]

1. d4 {[%clk 1:40:53]}  d5 {[%clk 1:40:53]} 2. c4 {[%clk 1:41:13]}  e6 {[%clk 1:41:19]} 3. Nf3 {[%clk 1:41:34]}  Nf6 {[%clk 1:41:43]} 4. Nc3 {[%clk 1:41:56]}  h6 {[%clk 1:42:04]} 5. Bf4 {[%clk 1:41:58]}  Bd6 {[%clk 1:41:24]} 6. e3 {[%clk 1:39:52]}  Bxf4 {[%clk 1:42:08]} 7. exf4 {[%clk 1:37:12]}  O-O {[%clk 1:40:36]} 8. Be2 {[%clk 1:30:21]}  dxc4 {[%clk 1:33:49]} 9. Bxc4 {[%clk 1:35:37]}  a6 {[%clk 1:24:46]} 10. O-O {[%clk 1:32:44]}  b5 {[%clk 1:24:11]} 11. Bb3 {[%clk 1:29:13]}  Bb7 {[%clk 1:24:09]} 12. Qe2 {[%clk 1:17:18]}  Qd6 {[%clk 1:10:59]} 13. Ne5 {[%clk 1:08:11]}  Nc6 {[%clk 1:00:20]} 14. Nxc6 {[%clk 1:06:01]}  Qxc6 {[%clk 0:59:45]} 15. f3 {[%clk 1:06:09]}  Qb6 {[%clk 0:59:02]} 16. Rfd1 {[%clk 1:05:00]}  Rfd8 {[%clk 0:56:49]} 17. Qe3 {[%clk 0:55:33]}  Rd6 {[%clk 0:44:32]} 18. a4 {[%clk 0:53:18]}  Rad8 {[%clk 0:42:06]} 19. a5 {[%clk 0:51:56]}  Qa7 {[%clk 0:41:47]} 20. Ne2 {[%clk 0:36:08]}  Bd5 {[%clk 0:28:40]} 21. Rdc1 {[%clk 0:21:20]}  Bxb3 {[%clk 0:24:27]} 22. Qxb3 {[%clk 0:39:00]}  Nd5 {[%clk 0:24:47]} 23. Kh1 {[%clk 0:38:27]}  Ne7 {[%clk 0:08:32]} 24. Qc3 {[%clk 0:23:28]}  Nc6 {[%clk 0:03:16]} 25. Qc5 {[%clk 0:19:38]}  Qxc5 {[%clk 0:20:51]} 26. Rxc5 {[%clk 0:19:57]}  Nxd4 {[%clk 0:21:13]} 27. Nxd4 {[%clk 0:20:17]}  Rxd4 {[%clk 0:21:40]} 28. h3 {[%clk 0:11:22]}  Rxf4 {[%clk 0:13:00]} 29. Rxc7 {[%clk 0:19:01]}  Rd2 {[%clk 0:12:30]} 30. b3 {[%clk 0:16:39]}  Rb4 {[%clk 0:10:18]} 31. Rc6 {[%clk 0:16:36]}  Rxb3 {[%clk 0:10:20]} 32. Rxa6 {[%clk 0:16:59]}  Rbb2 {[%clk 0:04:50]} 33. Rc6 {[%clk 0:09:39]}  Rxg2 {[%clk 0:06:48]} 34. Rcc1 {[%clk 0:08:29]}  Rh2+ {[%clk 0:06:15]} 35. Kg1 {[%clk 0:08:53]}  Rbg2+ {[%clk 0:06:25]} 36. Kf1 {[%clk 0:09:17]}  Rc2 {[%clk 0:06:19]} 37. Rxc2 {[%clk 0:08:46]}  Rh1+ {[%clk 0:06:23]} 38. Kg2 {[%clk 0:08:54]}  Rxa1 {[%clk 0:06:48]} 0-1

[Event "Masters Tournament (MTO)"]
[Site "Biel, CH"]
[Date "2025.07.21"]
[Round "7"]
[White "Yang, Ray"]
[Black "Doluhanova, Evgeniya"]
[Result "0-1"]
[Board "13"]
[WhiteFideId "3220281"]
[BlackFideId "14112035"]
[WhiteTitle "FM"]
[BlackTitle "WGM"]
[WhiteElo "2081"]
[BlackElo "2256"]
[WhiteTeam "AUS"]
[BlackTeam "UKR"]
[WhiteClock "0:11:51"]
[BlackClock "0:56:20"]
[Variant "Standard"]

1. e4 {[%clk 1:40:56]}  e5 {[%clk 1:40:52]} 2. Nf3 {[%clk 1:41:20]}  Nc6 {[%clk 1:41:20]} 3. Bc4 {[%clk 1:41:36]}  Bc5 {[%clk 1:41:44]} 4. c3 {[%clk 1:41:47]}  Nf6 {[%clk 1:41:48]} 5. d4 {[%clk 1:41:24]}  exd4 {[%clk 1:42:06]} 6. e5 {[%clk 1:41:40]}  d5 {[%clk 1:42:29]} 7. Bb5 {[%clk 1:42:01]}  Ne4 {[%clk 1:42:44]} 8. cxd4 {[%clk 1:42:23]}  Bb6 {[%clk 1:43:10]} 9. Nc3 {[%clk 1:42:29]}  O-O {[%clk 1:43:13]} 10. Be3 {[%clk 1:42:32]}  Ba5 {[%clk 1:42:34]} 11. Rc1 {[%clk 1:40:11]}  f6 {[%clk 1:40:24]} 12. exf6 {[%clk 1:37:06]}  Qxf6 {[%clk 1:40:15]} 13. O-O {[%clk 1:34:46]}  Bxc3 {[%clk 1:34:57]} 14. bxc3 {[%clk 1:35:07]}  Bg4 {[%clk 1:34:16]} 15. Be2 {[%clk 1:35:23]}  Na5 {[%clk 1:32:06]} 16. Ne5 {[%clk 1:31:34]}  Bxe2 {[%clk 1:32:26]} 17. Qxe2 {[%clk 1:31:53]}  Qe6 {[%clk 1:32:26]} 18. Qb5 {[%clk 1:23:07]}  b6 {[%clk 1:32:22]} 19. c4 {[%clk 1:22:01]}  c6 {[%clk 1:24:29]} 20. cxd5 {[%clk 1:20:18]}  Qxe5 {[%clk 1:24:27]} 21. Qxa5 {[%clk 1:20:19]}  Qxd5 {[%clk 1:23:25]} 22. Qa4 {[%clk 1:11:19]}  Rfc8 {[%clk 1:18:06]} 23. Rc2 {[%clk 1:11:09]}  a5 {[%clk 1:09:03]} 24. Rfc1 {[%clk 1:10:46]}  b5 {[%clk 1:09:26]} 25. Qb3 {[%clk 1:09:50]}  Qxb3 {[%clk 1:09:39]} 26. axb3 {[%clk 1:10:13]}  a4 {[%clk 1:10:02]} 27. bxa4 {[%clk 1:10:22]}  bxa4 {[%clk 1:01:01]} 28. d5 {[%clk 0:47:55]}  c5 {[%clk 1:08:20]} 29. f3 {[%clk 0:47:41]}  Nf6 {[%clk 1:08:18]} 30. d6 {[%clk 0:47:05]}  a3 {[%clk 1:03:19]} 31. Rxc5 {[%clk 0:47:09]}  Rxc5 {[%clk 1:03:31]} 32. Bxc5 {[%clk 0:47:28]}  Ra4 {[%clk 0:59:39]} 33. Ra1 {[%clk 0:37:51]}  a2 {[%clk 1:00:00]} 34. g4 {[%clk 0:32:54]}  Kf7 {[%clk 0:59:50]} 35. g5 {[%clk 0:30:04]}  Nd7 {[%clk 1:00:15]} 36. Bf2 {[%clk 0:30:05]}  Ke6 {[%clk 0:54:46]} 37. Bg3 {[%clk 0:29:50]}  Kd5 {[%clk 0:54:57]} 38. Be1 {[%clk 0:20:50]}  Kc4 {[%clk 0:54:40]} 39. Bd2 {[%clk 0:20:46]}  Kb3 {[%clk 0:55:05]} 40. Bc1 {[%clk 0:20:14]}  Rd4 {[%clk 0:54:58]} 41. Kf2 {[%clk 0:19:35]}  Rxd6 {[%clk 0:55:13]} 42. Ke2 {[%clk 0:18:44]}  Re6+ {[%clk 0:54:55]} 43. Kf2 {[%clk 0:12:44]}  Nc5 {[%clk 0:55:20]} 44. Be3 {[%clk 0:12:28]}  Nd3+ {[%clk 0:55:41]} 45. Ke2 {[%clk 0:12:43]}  Nb4 {[%clk 0:55:57]} 46. Rd1 {[%clk 0:11:51]}  Nc2 {[%clk 0:56:20]} 0-1

[Event "Masters Tournament (MTO)"]
[Site "Biel, CH"]
[Date "2025.07.21"]
[Round "7"]
[White "Sushanth Kamabathula"]
[Black "Banh Gia Huy"]
[Result "0-1"]
[Board "14"]
[WhiteFideId "25712667"]
[BlackFideId "12424714"]
[BlackTitle "IM"]
[WhiteElo "2188"]
[BlackElo "2445"]
[WhiteTeam "IND"]
[BlackTeam "VIE"]
[WhiteClock "0:00:36"]
[BlackClock "0:07:38"]
[Variant "Standard"]

1. e4 {[%clk 1:40:45]}  e6 {[%clk 1:40:49]} 2. d4 {[%clk 1:41:09]}  d5 {[%clk 1:41:18]} 3. Nd2 {[%clk 1:41:31]}  Be7 {[%clk 1:41:26]} 4. Ngf3 {[%clk 1:41:09]}  Nf6 {[%clk 1:41:54]} 5. e5 {[%clk 1:37:30]}  Nfd7 {[%clk 1:42:17]} 6. Bd3 {[%clk 1:37:13]}  c5 {[%clk 1:42:41]} 7. c3 {[%clk 1:37:39]}  Nc6 {[%clk 1:43:09]} 8. O-O {[%clk 1:36:24]}  a5 {[%clk 1:42:36]} 9. Re1 {[%clk 1:35:29]}  cxd4 {[%clk 1:35:54]} 10. cxd4 {[%clk 1:35:21]}  Qb6 {[%clk 1:36:16]} 11. Qa4 {[%clk 1:10:10]}  g5 {[%clk 1:22:41]} 12. h3 {[%clk 0:59:38]}  h5 {[%clk 1:22:03]} 13. g4 {[%clk 0:59:55]}  hxg4 {[%clk 1:18:11]} 14. hxg4 {[%clk 1:00:20]}  Nf8 {[%clk 1:17:53]} 15. Nf1 {[%clk 0:54:11]}  Bd7 {[%clk 1:15:20]} 16. Qd1 {[%clk 0:51:39]}  Nxd4 {[%clk 1:03:26]} 17. Nxg5 {[%clk 0:46:26]}  Rg8 {[%clk 0:57:10]} 18. Nh3 {[%clk 0:44:54]}  Nc6 {[%clk 0:55:07]} 19. Nh2 {[%clk 0:39:53]}  Ng6 {[%clk 0:44:35]} 20. Bxg6 {[%clk 0:34:13]}  Rxg6 {[%clk 0:44:48]} 21. Nf4 {[%clk 0:34:11]}  Rg5 {[%clk 0:38:16]} 22. Nd3 {[%clk 0:33:52]}  Rg7 {[%clk 0:38:24]} 23. Be3 {[%clk 0:33:15]}  d4 {[%clk 0:36:13]} 24. Bd2 {[%clk 0:25:55]}  Nb4 {[%clk 0:35:00]} 25. Bxb4 {[%clk 0:19:04]}  axb4 {[%clk 0:34:49]} 26. Nf1 {[%clk 0:19:20]}  b3 {[%clk 0:28:40]} 27. a3 {[%clk 0:18:40]}  Bc6 {[%clk 0:21:39]} 28. Nd2 {[%clk 0:17:52]}  O-O-O {[%clk 0:20:25]} 29. Ne4 {[%clk 0:13:14]}  Rh8 {[%clk 0:19:03]} 30. Rc1 {[%clk 0:07:44]}  Rgh7 {[%clk 0:17:54]} 31. Qf3 {[%clk 0:04:44]}  Kb8 {[%clk 0:16:53]} 32. Qg2 {[%clk 0:04:07]}  Qb5 {[%clk 0:13:17]} 33. Rcd1 {[%clk 0:03:50]}  Bd5 {[%clk 0:07:48]} 34. f3 {[%clk 0:01:56]}  Bc4 {[%clk 0:07:25]} 35. Nef2 {[%clk 0:02:59]}  Bg5 {[%clk 0:05:31]} 36. f4 {[%clk 0:00:44]}  Bh4 {[%clk 0:05:48]} 37. Re4 {[%clk 0:00:32]}  Bxf2+ {[%clk 0:04:59]} 38. Nxf2 {[%clk 0:00:55]}  Bd5 {[%clk 0:05:25]} 39. Rdxd4 {[%clk 0:01:10]}  Qc6 {[%clk 0:03:50]} 40. Rxd5 {[%clk 0:00:36]}  Qxd5 {[%clk 0:04:09]} 41. Rb4 {[%clk 0:29:45]}  Qd7 {[%clk 0:30:59]} 42. Rxb3 {[%clk 0:28:55]}  Rc8 {[%clk 0:30:40]} 43. Qe4 {[%clk 0:28:29]}  Rhh8 {[%clk 0:30:51]} 44. Kg2 {[%clk 0:24:39]}  Rc5 {[%clk 0:30:04]} 45. Rd3 {[%clk 0:15:26]}  Qc7 {[%clk 0:30:20]} 46. Qd4 {[%clk 0:14:13]}  Rc4 {[%clk 0:29:58]} 47. Qe3 {[%clk 0:12:58]}  Qc6+ {[%clk 0:28:22]} 48. Kg3 {[%clk 0:11:43]}  Rc1 {[%clk 0:26:24]} 49. Rd1 {[%clk 0:03:47]}  Rxd1 {[%clk 0:23:33]} 50. Nxd1 {[%clk 0:04:14]}  Qh1 {[%clk 0:18:53]} 51. Nf2 {[%clk 0:04:28]}  Qg1+ {[%clk 0:19:10]} 52. Kf3 {[%clk 0:04:52]}  Rh2 {[%clk 0:19:03]} 53. Qd2 {[%clk 0:04:44]}  Qg2+ {[%clk 0:18:13]} 54. Ke3 {[%clk 0:02:39]}  Qg3+ {[%clk 0:15:05]} 55. Ke4 {[%clk 0:05:27]}  Qg2+ {[%clk 0:10:53]} 56. Ke3 {[%clk 0:05:50]}  Kc8 {[%clk 0:10:56]} 57. Qc2+ {[%clk 0:01:56]}  Kd8 {[%clk 0:10:32]} 58. Qd1+ {[%clk 0:01:09]}  Ke8 {[%clk 0:10:34]} 59. Ne4 {[%clk 0:01:15]}  Rh3+ {[%clk 0:08:21]} 60. Kd4 {[%clk 0:01:36]}  Qxb2+ {[%clk 0:08:37]} 61. Kc4 {[%clk 0:01:25]}  Qa2+ {[%clk 0:08:36]} 62. Kc5 {[%clk 0:00:53]}  Qxa3+ {[%clk 0:07:50]} 63. Kc4 {[%clk 0:01:19]}  Qa6+ {[%clk 0:07:37]} 64. Kb4 {[%clk 0:01:35]}  Qb6+ {[%clk 0:08:05]} 65. Kc4 {[%clk 0:01:21]}  Qc6+ {[%clk 0:08:27]} 66. Nc5 {[%clk 0:00:45]}  Rf3 {[%clk 0:07:20]} 67. Qd2 {[%clk 0:00:36]}  b6 {[%clk 0:07:38]} 0-1

[Event "Masters Tournament (MTO)"]
[Site "Biel, CH"]
[Date "2025.07.21"]
[Round "7"]
[White "Aditya Varun Gampa"]
[Black "Adewumi, Tanitoluwa"]
[Result "0-1"]
[Board "15"]
[WhiteFideId "45066183"]
[BlackFideId "30966396"]
[WhiteTitle "FM"]
[BlackTitle "FM"]
[WhiteElo "2187"]
[BlackElo "2397"]
[WhiteTeam "IND"]
[BlackTeam "USA"]
[WhiteClock "0:05:57"]
[BlackClock "0:06:36"]
[Variant "Standard"]

1. e4 {[%clk 1:30:48]}  e5 {[%clk 1:40:59]} 2. Nf3 {[%clk 1:31:05]}  Nc6 {[%clk 1:41:26]} 3. Bb5 {[%clk 1:31:10]}  a6 {[%clk 1:41:32]} 4. Ba4 {[%clk 1:31:34]}  Nf6 {[%clk 1:41:17]} 5. O-O {[%clk 1:31:45]}  Be7 {[%clk 1:41:07]} 6. d3 {[%clk 1:31:58]}  d6 {[%clk 1:41:28]} 7. c3 {[%clk 1:30:56]}  O-O {[%clk 1:41:26]} 8. Re1 {[%clk 1:31:13]}  Nd7 {[%clk 1:38:20]} 9. Nbd2 {[%clk 1:23:43]}  Nb6 {[%clk 1:38:37]} 10. Bc2 {[%clk 1:23:39]}  f5 {[%clk 1:36:05]} 11. Nf1 {[%clk 1:17:25]}  fxe4 {[%clk 1:34:01]} 12. dxe4 {[%clk 1:17:36]}  Bg4 {[%clk 1:34:01]} 13. Re3 {[%clk 1:16:54]}  Bg5 {[%clk 1:30:53]} 14. Rd3 {[%clk 1:15:53]}  Bxc1 {[%clk 1:31:12]} 15. Rxc1 {[%clk 1:16:03]}  Qf6 {[%clk 1:19:06]} 16. Ng3 {[%clk 1:13:32]}  Nc4 {[%clk 1:17:32]} 17. Qe2 {[%clk 1:06:22]}  Qh6 {[%clk 1:09:06]} 18. Re1 {[%clk 1:00:12]}  b5 {[%clk 1:08:33]} 19. b3 {[%clk 0:56:03]}  Na3 {[%clk 0:55:20]} 20. Bd1 {[%clk 0:55:28]}  b4 {[%clk 0:44:51]} 21. Qb2 {[%clk 0:35:11]}  a5 {[%clk 0:35:50]} 22. Nd2 {[%clk 0:39:38]}  Bxd1 {[%clk 0:29:27]} 23. Rxd1 {[%clk 0:39:54]}  Nb5 {[%clk 0:29:34]} 24. Nb1 {[%clk 0:39:13]}  g6 {[%clk 0:25:52]} 25. a4 {[%clk 0:36:31]}  bxc3 {[%clk 0:22:43]} 26. Nxc3 {[%clk 0:35:41]}  Nbd4 {[%clk 0:23:07]} 27. Nd5 {[%clk 0:30:40]}  Rf7 {[%clk 0:23:22]} 28. f3 {[%clk 0:29:37]}  Qg5 {[%clk 0:22:56]} 29. Kh1 {[%clk 0:28:04]}  Rb8 {[%clk 0:21:45]} 30. Nf1 {[%clk 0:23:58]}  Ne6 {[%clk 0:18:52]} 31. Qc3 {[%clk 0:22:44]}  Nc5 {[%clk 0:20:20]} 32. R3d2 {[%clk 0:19:12]}  Rxb3 {[%clk 0:19:49]} 33. Qc4 {[%clk 0:19:17]}  Kg7 {[%clk 0:19:32]} 34. Ng3 {[%clk 0:12:28]}  Ra3 {[%clk 0:14:52]} 35. Nxc7 {[%clk 0:11:46]}  Rxc7 {[%clk 0:14:00]} 36. Rxd6 {[%clk 0:12:07]}  Nd4 {[%clk 0:11:21]} 37. R1xd4 {[%clk 0:07:51]}  exd4 {[%clk 0:11:26]} 38. Nf5+ {[%clk 0:07:32]}  Kf8 {[%clk 0:05:53]} 39. h4 {[%clk 0:05:29]}  Ra1+ {[%clk 0:06:12]} 40. Kh2 {[%clk 0:05:57]}  Qf4+ {[%clk 0:06:36]} 0-1